| 000 | 01565nam2a22003011 4500 | ||
|---|---|---|---|
| 001 | v19\rc\1351791 | ||
| 005 | 20250618075356.0 | ||
| 035 | _a(NLR Aleph) 004496641 | ||
| 090 |
_a4674654 _c4674654 |
||
| 100 | _a20060512d1896 |||y0rusy50 ca | ||
| 101 | 0 | _arus | |
| 102 | _aRU | ||
| 105 | _ay zg ||||| | ||
| 200 | 1 | _aВосемнадцатое... 25-го февраля 1896 года и список его членов | |
| 210 |
_d1896 _aБ. м. |
||
| 215 | _a75 с. | ||
| 461 | 0 |
_1001v19\rc\1351779 _12001#$a...Общее собрание членов С.-Петербургского благотворительного общества Последователей гомеопатии...$vВосемнадцатое... 25-го февраля 1896 года _94674600 _aПетербургское благотворительное общество последователей гомеопатии _cС.-Петербург _d1884-1914 _tОбщее собрание членов С.-Петербургского благотворительного общества Последователей гомеопатии... _vВосемнадцатое... 25-го февраля 1896 года |
|
| 801 | 0 |
_aRU _bNLR _gpsbo |
|
| 801 | 0 |
_aRU _bRuMoRGB _2psbo |
|
| 801 | 1 |
_aRU _bProSoft-M _2rusmarc |
|
| 801 | 2 |
_aRU _bNLR _c20150129 _2rusmarc |
|
| 852 |
_aNLR _j18.207.6.87 (4) |
||
| 899 |
_aRuMoRGB (1884-1914*) _jV 225/7 |
||
| 899 |
_aRuMoRGB (1884-1914*) _jV 22/614 |
||
| 899 |
_aRuMoRGB (1884-1914*) _jV 381/661 |
||
| 899 | _aБАН (1884-1914*) | ||
| 942 | _cBOOK | ||
| 980 | _aNB | ||